| 000 | 00771nam a2200253Ia 4500 | ||
|---|---|---|---|
| 003 | OSt | ||
| 005 | 20220924115153.0 | ||
| 006 | a|||||r|||| 00| 0 | ||
| 007 | ta | ||
| 008 | 220923b |||||||| |||| 00| 0 urd d | ||
| 020 | _c300 | ||
| 024 | _a260671 | ||
| 037 |
_bMPH/6063/1, 14/01/2012, Modern Publishing House _cTextual |
||
| 040 |
_aARTS _cARTS _burd |
||
| 041 |
_2urd _aurd |
||
| 082 | _aO168,4M92x, Q0 | ||
| 100 |
_aAbdul Haq Au. _91299 |
||
| 245 | 0 | _aRasheed Ahmad Siddiqui ka saqafati manzarnama | |
| 260 |
_aDelhi _bAbdul Haq India _c2010 |
||
| 300 |
_a159p. _ccm. |
||
| 650 | _aURDU LETTERS | ||
| 942 |
_hO168,4M92x, Q0 _cTEXL _2CC |
||
| 999 |
_c397095 _d397095 |
||